| 000 | 00853nam a22002417a 4500 | ||
|---|---|---|---|
| 999 |
_c2040 _d2040 |
||
| 003 | AR-CdUCM | ||
| 008 | 190228b ||||| |||| 00| 0 esp d | ||
| 020 | _aISBN | ||
| 040 |
_aMUNICIPALIDAD PROVINCIAL DEL CUSCO _cBIBLIOTECA MUNICIPAL DEL CUSCO |
||
| 082 |
_a869.56 / _bZ69 |
||
| 100 |
_aZilbert, Omar _91558 |
||
| 245 |
_aAzul y frío : _bpoesía de niños y adolescentes / _cOmar Zilbert ; dibujos de Héctor Bejar R. |
||
| 260 |
_aLima ; _bSimiente, _c1959. |
||
| 300 |
_a124 paginas ; _c22 cm. |
||
| 505 | _aConversación segunda -- Niños en la noche -- Magia ... | ||
| 650 |
_aPoesías peruanas _91481 |
||
| 650 |
_aPoesías infantiles peruanas. _95425 |
||
| 650 |
_aPoesía contemporánea _93298 |
||
| 650 |
_aSiglo XX - Poesía - Perú _97396 |
||
| 700 |
_aBéjar Rivera, Héctor, _91353 |
||
| 942 |
_2ddc _cLIBROS |
||
| 945 |
_aacrt _d2019-02-28 |
||